[Event "ROM-ch U12"]
[Site "Calimanesti"]
[Date "2015.04.02"]
[Round "4"]
[White "Dinu, Stefan"]
[Black "Ichim, Daniel Nicolae"]
[Result "1-0"]
[WhiteElo "1092"]
[BlackElo "1017"]
[PlyCount "49"]
[EventDate "2015.03.30"]
[EventType "swiss"]
[EventRounds "9"]
[EventCountry "ROU"]
[SourceTitle "CBM 165 Extra"]
[Source "ChessBase"]
[SourceDate "2015.04.21"]
[SourceVersion "1"]
[SourceVersionDate "2015.04.21"]
[SourceQuality "1"]

1. e4 d5 2. exd5 Nf6 3. c4 c6 4. dxc6 Nxc6 5. Nf3 Bg4 6. Be2 e6 7. 0-0 Bd6 8. Nc3 Qc7 9. d3 Bxf3 10. Bxf3 Bxh2+ 11. Kh1 Bd6 12. g3 0-0 13. Bg5 Be7 14. Kg2 h6 15. Bf4 e5 16. Be3 Rad8 17. Rh1 Rd6 18. Nd5 Nxd5 19. Bxd5 Nd4 20. Be4 Qb6 21. Qd2 Bg5 22. Bxg5 hxg5 23. Bh7+ Kh8 24. Qxg5 Qc6+ 25. Be4+ 1-0

[Event "ROM-ch U12"]
[Site "Calimanesti"]
[Date "2015.04.02"]
[Round "5"]
[White "Ichim, Daniel Nicolae"]
[Black "Marinca, David Calin"]
[Result "1-0"]
[WhiteElo "1017"]
[BlackElo "1036"]
[PlyCount "55"]
[EventDate "2015.03.30"]
[EventType "swiss"]
[EventRounds "9"]
[EventCountry "ROU"]
[SourceTitle "CBM 165 Extra"]
[Source "ChessBase"]
[SourceDate "2015.04.21"]
[SourceVersion "1"]
[SourceVersionDate "2015.04.21"]
[SourceQuality "1"]

1. e4 e5 2. Nf3 Nf6 3. Nxe5 d6 4. Nf3 Nxe4 5. d4 d5 6. Bd3 Nf6 7. Bg5 Be7 8. Nc3 Be6 9. 0-0 Nbd7 10. h3 0-0 11. Re1 Re8 12. Bf4 c6 13. Ng5 Bb4 14. Qd2 h6 15. Nxe6 fxe6 16. a3 Bxc3 17. Qxc3 Nh5 18. Bd6 Nb8 19. Bg6 Rf8 20. Bxf8 Qxf8 21. Bxh5 Qf5 22. Bg4 Qf4 23. Bxe6+ Kh8 24. Qf3 Qxd4 25. Qf8+ Kh7 26. Bf5+ g6 27. Re7+ Qg7 28. Rxg7# 1-0